Islands by City - Statistics

General Stats
  • This quiz has been taken 11 times
  • The average score is 14 of 25
Answer Stats
City Island % Correct
8) Heraklion Crete
91%
13) Nuuk Greenland
91%
1) Jakarta Java
91%
18) Auckland North Island
91%
25) Ajaccio Corsica
82%
2) Sapporo Hokkaido
82%
9) Palma Majorca
82%
12) Wellington South Island
82%
21) Hobart Tasmania
82%
19) Davao Mindanao
64%
23) St John's (Canada) Newfoundland
64%
22) Halifax Nova Scotia
64%
3) Honolulu Oahu
64%
14) Charlottetown Prince Edward Island
64%
7) Douglas Isle of Man
55%
6) Papeete Tahiti
55%
11) Visby Gotland
45%
20) Torshavn Streymoy
45%
5) Hamilton Bermuda
36%
16) Fort De France Martinique
36%
17) Saint Peter Port Guernsey
27%
4) Saint Denis Reunion
18%
10) Longyearbyen Spitsbergen
9%
15) Praia Santiago
0%
24) Ponta Delgada Sao Miguel
0%
No matching quizzes found
Score Distribution
Percent of People with Each Score
Percentile by Number Answered
Your Score History
You have not taken this quiz